Catálogo

Cuentos completos / (Registro nro. 61737)

Detalles MARC
000 -LEADER
fixed length control field 01967cam a2200373 i 4500
001 - CONTROL NUMBER
control field 61737
003 - CONTROL NUMBER IDENTIFIER
control field Mx-PuUPA
005 - DATE AND TIME OF LATEST TRANSACTION
control field 20241202100343.0
008 - FIXED-LENGTH DATA ELEMENTS--GENERAL INFORMATION
fixed length control field 141113s2019 mx gr 000 f spa d
020 ## - INTERNATIONAL STANDARD BOOK NUMBER
International Standard Book Number 9786071664464
Qualifying information obra completa
020 ## - INTERNATIONAL STANDARD BOOK NUMBER
International Standard Book Number 9786071664488
Qualifying information tomo I
020 ## - INTERNATIONAL STANDARD BOOK NUMBER
International Standard Book Number 9786071664495
Qualifying information tomo II
040 ## - CATALOGING SOURCE
Original cataloging agency Mx-PuUPA
Language of cataloging spa
Transcribing agency Mx-PuUPA
Modifying agency Mx-PuUPA
Description conventions rda
041 1# - LANGUAGE CODE
Language code of text/sound track or separate title spa
Language code of original und
100 1# - MAIN ENTRY--PERSONAL NAME
Personal name Dostoyevsky, Fyodor,
Dates associated with a name 1821-1881
Relator term autor
9 (RLIN) 10149
245 10 - TITLE STATEMENT
Title Cuentos completos /
Statement of responsibility, etc. Fiódor M. Dostoyevsky ; Bela Martinova, edición, prólogo y traducción
250 ## - EDITION STATEMENT
Edition statement Primera edición /
Remainder of edition statement en dos tomos
264 #1 - PRODUCTION, PUBLICATION, DISTRIBUTION, MANUFACTURE, AND COPYRIGHT NOTICE
Place of production, publication, distribution, manufacture Ciudad de México :
Name of producer, publisher, distributor, manufacturer Fondo de Cultura Económica,
Date of production, publication, distribution, manufacture, or copyright notice 2019
-- ©2010
300 ## - PHYSICAL DESCRIPTION
Extent 2 volúmenes ;
Dimensions 21 cm
336 ## - CONTENT TYPE
Content type term texto
Fuente rdacontent
Content type code txt
337 ## - MEDIA TYPE
Media type term sin medio
Source rdamedia
Media type code n
338 ## - CARRIER TYPE
Carrier type term volumen
Source rdacarrier
Carrier type code nc
490 1# - SERIES STATEMENT
Series statement Colección popular ;
Volume/sequential designation 759
500 ## - GENERAL NOTE
General note Reimpresiones: (primera, 2021).
505 0# - FORMATTED CONTENTS NOTE
Miscellaneous information tomo I.
Title Novela en nueve cartas (1845) ; El señor Projarchin (1846) ; Polzunkov (1847) ; El corazón débil (1848) ; La mujer ajena y el marido debajo de la cama (1848) ; El ladrón honrado (1848) ; El árbol de navidad y una boda (1848) ; Las noches blancas (1848) -
Miscellaneous information tomo II.
Title El pequeño héroe (1849) ; Un episodio vergonzoso (1862) ; El cocodrilo (1865) ; Bobok (1873) ; El niño con la manita (1876) ; El campesino Maréi (1876) ; La sumisa (1876) ; Dos suicidios (1876) ; El sueño de un hombre redículo (1877) ; Vlas (1877) ; Cronología.
650 #7 - SUBJECT ADDED ENTRY--TOPICAL TERM
Topical term or geographic name entry element Cuentos rusos
Source of heading or term armarc
655 #7 - INDEX TERM--GENRE/FORM
Source of term armarc
Genre/form data or focus term Literatura rusa
Chronological subdivision Siglo XIX
700 1# - ADDED ENTRY--PERSONAL NAME
Personal name Martinova, Bela
9 (RLIN) 502
Relator term editor
-- prologuista
-- traductor
830 #0 - SERIES ADDED ENTRY--UNIFORM TITLE
9 (RLIN) 12714
Uniform title Colección popular (Fondo de Cultura Económica (México)) ;
Volume/sequential designation 759
942 ## - ADDED ENTRY ELEMENTS (KOHA)
Source of classification or shelving scheme Dewey Decimal Classification
Koha item type Libro
Classification part 891.73
Item part D722
Existencias
Withdrawn status Lost status Source of classification or shelving scheme Damaged status Not for loan Collection code Home library Current library Shelving location Date acquired Source of acquisition Serial Enumeration / chronology Total Checkouts Full call number Barcode Date last seen Date last checked out Price effective from Koha item type Total Renewals
    Dewey Decimal Classification     General Biblioteca Karol Wojtyla Biblioteca Karol Wojtyla Sala general 03/12/2013 Donación t.2 3 891.73 D722 2019 48986 09/04/2026 22/04/2025 03/12/2013 Libro  
    Dewey Decimal Classification     General Biblioteca Karol Wojtyla Biblioteca Karol Wojtyla Sala general 30/04/2015 Reposición t.1 9 891.73 D722 2019 92659 09/04/2026 15/09/2025 30/04/2015 Libro 5